000 00614cam a2200217 a 4500
001 3559703
005 20240319034036.0
008 980226s1998 enk b 001 0 eng
020 _a0415148049
020 _a0415148057 (pbk.)
040 _aDLC
_cDLC
_dDLC
082 0 0 _a323.44.
_221
_bFRE.
100 1 _aHaworth, Alan,
245 1 0 _aFree speech /
_cAlan Haworth.
260 _aLondon ;
_aNew York :
_bRoutledge,
_c1998.
300 _axiv, 263 p. ;
490 1 _aThe problems of philosophy
650 0 _aFreedom of speech.
856 4 2 _uhttp://www.loc.gov/catdir/enhancements/fy0649/98013946-d.html
942 _cL
999 _c585
_d585